000 00831nab a2200253 u 4500
001 17442
003 HDC
007 cr bn ---aaaaa
008 210224c |r|noo 0 a d
040 _aHDC
100 _aDebbie, Too,
_eauthor
_916502
245 0 _aUse Brunei Halal Brand momentum in tourism drive /
_cby Debbie Too
260 _aBrunei :
_bBrunei Times PLC,
_c2010
336 _atext
_2rdacontent
337 _acomputer
_2rdamedia
338 _aonline resource
_2rdacarrier
650 _aHalal brand
_9519
650 _aTourism industry
_92298
710 _aThe Brunei Times
856 _zRequest full-text at [email protected]
942 _2lcc
942 _cNEWS
942 _kNWSO 009387
999 _c14758
_d14758